00359nam a2200133Ia 4500008004100000020001500041041001200056100001800068245006800086260003800154300000800192650001100200700001400211221030s9999 xx 000 0 und d a8131519530 aEnglish aS. Chatterjee 0aBiomedical Instrumentation Systemscby S. Chatterjee, A. Miller bCengage LearningaNew Delhic2013 a685 aBB ECE aA. Miller